Eine neue rasse der dachschildkröte, Kachuga tecta (Registro nro. 9330)

Detalles MARC
000 -CABECERA
Campo de control 005610000a22001930004500
090 ## - CLASIFICACIÓN LOCAL
Colección AR
Consecutivo 00230
041 0# - IDIOMA
Código de idioma para texto/pista de sonido o título separado
100 1# - ASIENTO PRINCIPAL--NOMBRE PERSONAL
Nombre personal Mertens, Robert
245 10 - MENCION DE TITULO
Título Eine neue rasse der dachschildkröte, Kachuga tecta
650 14 - ASIENTO SECUNDARIO DE MATERIA - TERMINO TEMATICO
Término temático o nombre geográfico como elemento de entrada Herpetofauna
650 14 - ASIENTO SECUNDARIO DE MATERIA - TERMINO TEMATICO
Término temático o nombre geográfico como elemento de entrada Reptiles
650 14 - ASIENTO SECUNDARIO DE MATERIA - TERMINO TEMATICO
Término temático o nombre geográfico como elemento de entrada Tortugas
650 14 - ASIENTO SECUNDARIO DE MATERIA - TERMINO TEMATICO
Término temático o nombre geográfico como elemento de entrada Biología animal
650 14 - ASIENTO SECUNDARIO DE MATERIA - TERMINO TEMATICO
Término temático o nombre geográfico como elemento de entrada Morfología animal
650 14 - ASIENTO SECUNDARIO DE MATERIA - TERMINO TEMATICO
Término temático o nombre geográfico como elemento de entrada Biología animal
653 ## - TERMINO DE INDIZACION - NO CONTROLADO
-- Kachuga
-- Kachuga tecta
773 1# - Item fuente:
Título Senckenbergiana Biologica
Especificación de materiales 2
Descripción física 1-2
Paginas del Articulo 23-30
Lugar, editorial y fecha de publicación 1969
Información sobre la relación 50
942 ## - ELEMENTOS ADICIONALES (KOHA)
Tipo de ítem Artículo
Existencias
Withdrawn status Lost status Damaged status No para préstamo Colección Ubicación Permanente Ubicación actual Fecha de adquisición Fuente de Valor Datos de publicación Seriada Total Checkouts Número topográfico Inventario / Código de Barras Date last seen Ejemplar Price effective from Forma de adquisición Tipo de material
      No para Préstamo Hemeroteca Bogotá Bogotá 27/02/2015 Muñoz Saba, Yaneth Fuera de circulación   AR 00230 010472 25/03/2015 1 25/03/2015   Artículo